00705nam a2200181Ia 4500008004100000020001800041041000800059082001800067100004000085245005600125260002600181300000800207365001600215700004000231906005600271999001900327952017700346230718s9999 xx 000 0 und d a9788178001135 aeng a005.4'32bVEN aVenkateswarlu N.B. (Editor)9192669 aIntroduction To LinuxbInstallation And Programming c2014bBS Publications a588 cRs.b425.00 aVenkateswarlu N.B. (Editor)9192669 dO:0465207-Sep-2015B:IN 52808-Jul-2015cCOMPb106.25 c340302d340302 00104070aCCEPbCCEPd2015-09-07ePradeep Book DistributorsfCOMPg318.75iIN 528l0o005.4'32pCCEP-BK-51509r2023-07-18 00:00:00t106.25v425.00w2015-07-08yBKz051509